000 00431 a2200169 4500
001 189627
020 _a
040 _cMagnum
100 _aArreguy, Cintia Aparecida Chagas
240 1 0 _aBelo Horizonte: regional centro-sul
_lpor
245 1 0 _aBelo Horizonte: regional centro-sul
300 _a76
362 0 _a2008
440 1 _aArquivo Público da Cidade de Belo Horizonte
697 _aHISTÓRIA DO BRASIL
942 _cBK
999 _c189627
_d189627